| 000 | 00584nam a22001937a 4500 | ||
|---|---|---|---|
| 999 |
_c184356 _d184356 |
||
| 005 | 20220518153305.0 | ||
| 010 | _aENG-131233 | ||
| 020 |
_a978-93-90555-18-5 _c919.00 |
||
| 035 | _aEN-114765 | ||
| 037 | _bDBAD | ||
| 082 | _a547 | ||
| 100 | _aVerma, K.S. | ||
| 245 |
_aOrganic Chemistry for JEE (ADVANCED): _cK.S. Verma |
||
| 250 | _a3rd Edition | ||
| 260 |
_aDelhi _bCengage Learning India Pvt. Ltd _c2021 |
||
| 270 |
_bDelhi _aT-303, 3rd Floor, DAV Complex, Plot 3 Mayur Vihar, Phase 1 _e110091 |
||
| 300 |
_a1024p. _c28cm(pbk) |
||
| 942 |
_2ddc _cEN _h547 _mVER |
||